000 00413nam a22001337a 4500
008 190704b ||||| |||| 00| 0 eng d
020 _a9780824813819
082 _2990 JEL
100 _aJellinek, Lea.
245 _aThe wheel of fortune :
_cthe history of a poor community in Jakarta.
260 _aHonolulu :
_bUniversity of Hawaii Press,
_c1991.
300 _axviii, 208 p. :
_bill. ;
_c26 cm.
942 _2ddc
999 _c10290
_d10291